The Amazing Spider-Man Cast - Sudden Death - Statistics

General Stats
  • This quiz has been taken 56 times
    53 since last reset
  • The average score is 5 of 12
Answers on the Grid
Answers color-coded by a green-red scale on the quiz's grid according to % correct below.
David Thewlis
Rhys Ifans
James Cromwell
Mary Elizabeth Winstead
Logan Lerman
Felicity Jones
Andrew Garfield
R. Lee Ermey
Brie Larson
Donald Glover
Emma Stone
Michael Fassbender
Amy Adams
Sally Field
Stan Lee
Paul Giamatti
Dane DeHaan
John Goodman
Natalia Tena
Joaquin Phoenix
Martin Sheen
Irrfan Khan
Pam Grier
Jamie Foxx
Sam Elliott
Josh Hutcherson
Philip Seymour Hoffman
Lenny Kravitz
Chris Cooper
Christoph Waltz
 
Answer Stats
Answer % Correct
Andrew Garfield
86%
Emma Stone
77%
Jamie Foxx
64%
Stan Lee
64%
Rhys Ifans
50%
Felicity Jones
41%
Sally Field
41%
Dane DeHaan
36%
Paul Giamatti
32%
Martin Sheen
18%
Chris Cooper
14%
Irrfan Khan
14%
No matching quizzes found
Score Distribution
Percent of People with Each Score
Percentile by Number Answered
Your Score History
You have not taken this quiz since the last reset